Central Library OPAC University of Rajshahi

Tractatus logico-philosophicus / (Record no. 30415)

MARC details
000 -LEADER
fixed length control field 01114nam a2200289 a 4500
001 - CONTROL NUMBER
control field 30415
003 - CONTROL NUMBER IDENTIFIER
rucl marc code UkOxU
005 - DATE AND TIME OF LATEST TRANSACTION
control field 20211209051547.0
008 - FIXED-LENGTH DATA ELEMENTS--GENERAL INFORMATION
fixed length control field 140409r19621922enk 001 0 eng d
035 ## - SYSTEM CONTROL NUMBER
System control number (BD-RjUL)30500
040 ## - CATALOGING SOURCE
Original cataloging agency BD-RjUL
Language of cataloging eng
Transcribing agency BD-RjUL
041 0# - LANGUAGE CODE
Language code of text/sound track or separate title gereng
082 04 - DEWEY DECIMAL CLASSIFICATION NUMBER
Classification number 149.943
Edition number 19
Author mark and year WIT 1962
100 1# - MAIN ENTRY--PERSONAL NAME
Personal name Wittgenstein, Ludwig,
Dates associated with a name 1889-1951.
9 (RLIN) 92420
245 10 - TITLE STATEMENT
Title Tractatus logico-philosophicus /
Statement of responsibility, etc. Ludwig Wittgenstein ; with an introduction by Bertrand Russell
260 ## - PUBLICATION, DISTRIBUTION, ETC. (IMPRINT)
Place of publication, distribution, etc. London :
Name of publisher, distributor, etc. Kegan Paul, Trench, Trübner,
Date of publication, distribution, etc. 1922 [Reprinted 1962]
300 ## - PHYSICAL DESCRIPTION
Pagination 207 p. ;
Size 23 cm.
490 1# - SERIES STATEMENT
Series statement International library of psychology, philosophy, and scientific method
500 ## - GENERAL NOTE
General note Translation of: Logisch-Philosophische Abhandlung. - Parallel German text and English translation
504 ## - BIBLIOGRAPHY, ETC. NOTE
Bibliography, etc Includes Index
650 #0 - SUBJECT ADDED ENTRY--TOPICAL TERM
Topical term or geographic name as entry element Analysis (Philosophy)
9 (RLIN) 92421
Topical term or geographic name as entry element Logic
9 (RLIN) 92422
700 1# - ADDED ENTRY--PERSONAL NAME
Personal name Russell, Bertrand,
Dates associated with a name 1872-1970.
830 #0 - SERIES ADDED ENTRY--UNIFORM TITLE
Uniform title International library of psychology, philosophy, and scientific method
942 ## - ADDED ENTRY ELEMENTS (KOHA)
Source of classification or shelving scheme Dewey Decimal Classification
Koha item type Books
Holdings
Lost status Source of classification or shelving scheme Damaged status Not for loan Collection code Permanent Location Current Location Shelving location Date acquired Source of acquisition Cost, normal purchase price Total Checkouts Full call number Date last seen Copy number Koha item type
  Dewey Decimal Classification     Non-fiction Central Library, University of Rajshahi Central Library, University of Rajshahi   20/01/1965 Zeitlinger 21.00   149.943 WIT 1962 09/04/2014 C-10 Books